00463nam a2200193 a 4500001001300000003000900013005001700022008004100039020001000080082001300090100002200103245002500125260002500150300000800175500003500183505001700218650001200235700002200247nice12345678IN_TiNIC20260116012317.0050524s1959 dela grp 000 0 hin  ac0.500a264bANA aAnand, John Henry aPrabhu Ki Stuti Karo aDelhi bISPCK c1959 a46p aincludes index and biblioraphy2 aBibliography aWorship1 aAnand, John Henry